Introduction to thermal systems engineering : (Record no. 355676)

000 -LEADER
fixed length control field 01971cam a2200409 a 4500
001 - CONTROL NUMBER
control field 13034060
003 - CONTROL NUMBER IDENTIFIER
control field Nust- CAS-E
005 - DATE AND TIME OF LATEST TRANSACTION
control field 20180118181409.0
008 - FIXED-LENGTH DATA ELEMENTS--GENERAL INFORMATION
fixed length control field 021218s2003 nyua 001 0 eng c
010 ## - LIBRARY OF CONGRESS CONTROL NUMBER
LC control number 2002728440
015 ## - NATIONAL BIBLIOGRAPHY NUMBER
National bibliography number GBA2-V3396
020 ## - INTERNATIONAL STANDARD BOOK NUMBER
International Standard Book Number 0471204900
020 ## - INTERNATIONAL STANDARD BOOK NUMBER
International Standard Book Number 055500399X (CDROM)
035 ## - SYSTEM CONTROL NUMBER
System control number (OCoLC)ocm50525391
040 ## - CATALOGING SOURCE
Original cataloging agency UKM
Transcribing agency UKM
Modifying agency OIP
-- COD
-- DLC
042 ## - AUTHENTICATION CODE
Authentication code pcc
050 00 - LIBRARY OF CONGRESS CALL NUMBER
Classification number TJ265
Item number .I65 2003
082 00 - DEWEY DECIMAL CLASSIFICATION NUMBER
Classification number 621.402
Edition number 21
Author Mark INT 2003
245 00 - TITLE STATEMENT
Title Introduction to thermal systems engineering :
Remainder of title thermodynamics, fluid mechanics, and heat transfer /
Statement of responsibility, etc. Michael J. Moran ... [et al.].
246 1# - VARYING FORM OF TITLE
Display text Title from CD-ROM:
Title proper/short title Introduction to thermal systems engineering :
Remainder of title an interactive e-text and software tools
260 ## - PUBLICATION, DISTRIBUTION, ETC.
Place of publication, distribution, etc. New York :
Name of publisher, distributor, etc. Wiley,
Date of publication, distribution, etc. c2003.
300 ## - PHYSICAL DESCRIPTION
Extent viii, 562 p. :
Other physical details ill. ;
Dimensions 26 cm. +
Accompanying material 2 CD-ROMs (4 3/4 in)
500 ## - GENERAL NOTE
General note Includes indexes.
500 ## - GENERAL NOTE
General note Accompanying CD-ROM contains full printed text with hyperlinks, addional content and worked examples, problem keys, short video clips and problem-solving software.
500 ## - GENERAL NOTE
General note Title on second accompanying CD-ROM: Instructor's resource CD-ROM, introduction to thermal systems engineering, thermodynamics, fluid mechanics, and heat transfer.
502 ## - DISSERTATION NOTE
Dissertation note 0
538 ## - SYSTEM DETAILS NOTE
System details note Minimum system requirements: Windows 95 or higher (IT & IHT); Windows 95 or higher and Macintosh (E-text); QuickTime available on disc.
650 #0 - SUBJECT ADDED ENTRY--TOPICAL TERM
Topical term or geographic name entry element Thermodynamics.
650 #0 - SUBJECT ADDED ENTRY--TOPICAL TERM
Topical term or geographic name entry element Heat
General subdivision Transmission.
650 #0 - SUBJECT ADDED ENTRY--TOPICAL TERM
Topical term or geographic name entry element Fluid mechanics.
700 1# - ADDED ENTRY--PERSONAL NAME
Personal name Moran, Michael J.
856 42 - ELECTRONIC LOCATION AND ACCESS
Materials specified Publisher description
Uniform Resource Identifier <a href="http://www.loc.gov/catdir/description/wiley036/2002728440.html">http://www.loc.gov/catdir/description/wiley036/2002728440.html</a>
856 41 - ELECTRONIC LOCATION AND ACCESS
Materials specified Table of contents
Uniform Resource Identifier <a href="http://www.loc.gov/catdir/toc/wiley031/2002728440.html">http://www.loc.gov/catdir/toc/wiley031/2002728440.html</a>
906 ## - LOCAL DATA ELEMENT F, LDF (RLIN)
a 7
b cbc
c pccadap
d 2
e ncip
f 20
g y-gencatlg
942 ## - ADDED ENTRY ELEMENTS (KOHA)
Source of classification or shelving scheme
Koha item type Book
Holdings
Withdrawn status Lost status Source of classification or shelving scheme Damaged status Not for loan Collection code Permanent Location Current Location Shelving location Date acquired Source of acquisition Cost, normal purchase price Total Checkouts Full call number Barcode Date last seen Price effective from Koha item type
            US-Pakistan Center for Advanced Studies in Energy (USPCAS-E) US-Pakistan Center for Advanced Studies in Energy (USPCAS-E)   11/24/2015 Victoria Co. 19000.00   621.402 INT 2003 CAS-E0000768 11/24/2015 11/24/2015 Book
© 2023 Central Library, National University of Sciences and Technology. All Rights Reserved.